00629nam a2200241 a 4500001001300000003000900013005001700022008004100039020001000080082001700090100001600107245001400123260003500137300000900172500003500181505001000216650001300226700001600239902000800255942000700263952010000270999001700370nice12345678IN_TiNIC20260116015304.0050524s1984 kina grp 000 0 eng  ac10000a297.822bBOS aBose, Mihir aAga Khans aKings WoodbWorld`s Workc1984 a399p aincludes index and biblioraphy2 aIndex aIsmailis1 aBose, Mihir bSRC cBK 00114070aHMIbHMId2008-01-11g100.00l0o297.822 BOSp11000291r2008-01-11w2026-01-16yBK c19083d19083